| 000 | 00733nam a22001577a 4500 | ||
|---|---|---|---|
| 003 | OSt | ||
| 005 | 20151030151945.0 | ||
| 008 | 151030b xxu||||| |||| 00| 0 eng d | ||
| 040 | _cRUA | ||
| 082 | _aATM.s MEA 2004 B057 Or.1 | ||
| 100 |
_93071 _aMEAS, SOPHEA. |
||
| 245 | _aComparison of hill spacing on shallot yied at the station of the royal univercity of agriculture, ការប្រៀបធៀបគំលាតគុម្ពលើទិន្ផលដំណាំស្លឹកខ្ទឹមក្រហម ក្នុងលក្ខខ័ណ្ឌសាកលវិទ្យាល័យភូមិន្ទកសិកម្ម | ||
| 260 |
_aPhnom Penh _bRUA _c2004 |
||
| 300 |
_a33p. _bill. _c29cm. |
||
| 942 |
_2ddc _cATMSP |
||
| 999 |
_c2863 _d2863 |
||